000
00346pab a2200157 454500
008
180718b2006 xxu||||| |||| 00| 0 eng d
100
_a
Singh, Pankaj Kumar
245
_a
Plea bargaining
260
_c
2006
300
_a
p.14-17.
362
_a
Jul-Dec
650
_a
Legal procedure
773
_a
CBI Bulletin
908
_a
N
909
_a
74593
999
_c
74593
_d
74593